000 00571nam a22002297a 4500
003 UA-OsUOA
001 127239
007 ta
008 20171122b un ||||| |||| 00| 0 ukr d
100 _aДостоевский Ф.
090 _a821.161.1
_bД70
942 _cRB
040 _aUA-OsUOA
_brus
_cUA-OsUOA
_dUA-OsUOA
245 _aДневник писателя
300 _a523 с.
955 _a3
041 _arus
080 _a821.161.1
260 _aК.
650 7 _a82 Література. Літературознавство
_2UDC
999 _c414391
_d414391